[Event "Bergisch Gladbach-ch"]
[Site "Bergisch Gladbach"]
[Date "2007.08.28"]
[Round "2"]
[White "Grothe, Karl Josef"]
[Black "Rosenauer, Horst"]
[Result "0-1"]
[WhiteElo "1329"]
[BlackElo "1729"]
[PlyCount "114"]
[EventDate "2007.08.24"]
[EventType "swiss"]
[EventRounds "7"]
[EventCountry "GER"]
[SourceTitle "EXT 2011"]
[Source "ChessBase"]
[SourceDate "2010.11.26"]
[SourceVersion "1"]
[SourceVersionDate "2010.11.26"]
[SourceQuality "1"]

1. c4 Nf6 2. Nc3 c5 3. e4 e5 4. d3 d6 5. Bg5 h6 6. Bxf6 Qxf6 7. Qf3 Qd8 8. Nge2 Nc6 9. a3 Be6 10. g3 Qd7 11. h3 Be7 12. Rb1 0-0 13. Nd5 Bd8 14. b4 Rc8 15. Bg2 b6 16. b5 Ne7 17. Nec3 f5 18. Qh5 Bf7 19. Qe2 Be6 20. Qh5 Kh8 21. 0-0 Ng8 22. Qe2 fxe4 23. dxe4 Bxh3 24. Qh5 Be6 25. a4 Nf6 26. Nxf6 Bxf6 27. Nd5 Bg5 28. Rb2 Bg4 29. Qh2 Rf7 30. f3 Be6 31. f4 exf4 32. gxf4 Bf6 33. Nxf6 Rxf6 34. f5 Bxc4 35. Rd1 Qe7 36. Qh4 Qe5 37. Rbb1 Rd8 38. Ra1 Bb3 39. Rdc1 c4 40. Qe1 Re8 41. Qc3 Qc5+ 42. Kh1 Re5 43. Qd2 Qc7 44. Rc3 Qe7 45. Kh2 d5 46. exd5 Rexf5 47. Re3 Rh5+ 48. Kg1 Qc5 49. Rf1 Rg6 50. Qf2 Rxd5 51. Re8+ Kh7 52. Qxc5 Rxc5 53. Rff8 Rgg5 54. Rh8+ Kg6 55. Re6+ Kh5 56. Rf8 c3 57. Rf3 Bxe6 0-1

[Event "Bergisch Gladbach-ch"]
[Site "Bergisch Gladbach"]
[Date "2006.09.22"]
[Round "5"]
[White "Schueers, Christian"]
[Black "Grothe, Karl Josef"]
[Result "0-1"]
[WhiteElo "1447"]
[BlackElo "1353"]
[PlyCount "100"]
[EventDate "2006.08.25"]
[EventType "swiss"]
[EventRounds "7"]
[EventCountry "GER"]
[SourceTitle "EXT 2008"]
[Source "ChessBase"]
[SourceDate "2007.11.25"]
[SourceVersion "1"]
[SourceVersionDate "2007.11.25"]
[SourceQuality "1"]

1. d4 d5 2. Nf3 Bg4 3. Ne5 Bf5 4. Bf4 f6 5. Nd3 e6 6. e3 Bd6 7. Nd2 g5 8. Bxd6 Qxd6 9. c4 Bxd3 10. c5 Qa6 11. Qh5+ Ke7 12. Qd1 Bxf1 13. Nxf1 Nc6 14. a3 h5 15. Qb1 f5 16. b4 Qb5 17. Kd2 Nf6 18. f3 a5 19. Ng3 axb4 20. Ne2 Qa5 21. axb4 Qxb4+ 22. Nc3 Qxb1 23. Rhxb1 Rxa1 24. Rxa1 g4 25. Rb1 Rb8 26. Ne2 Na5 27. Kc3 gxf3 28. gxf3 Nc4 29. Kd3 b6 30. Nf4 Kf7 31. Ne2 Rg8 32. Rg1 Rxg1 33. Nxg1 b5 34. Ne2 c6 35. Nc1 Ke7 36. Na2 h4 37. Nb4 Kd7 38. Ke2 e5 39. Kf2 Nh5 40. Nc2 f4 41. e4 h3 42. exd5 cxd5 43. dxe5 Nxe5 44. Nb4 Nf6 45. Ke2 Nc6 46. Nd3 Nh5 47. Kd2 d4 48. Nf2 Ne5 49. Nxh3 Kc6 50. Ng1 Kxc5 0-1

[Event "Bergisch Gladbach-ch"]
[Site "Bergisch Gladbach"]
[Date "2006.09.15"]
[Round "4"]
[White "Grothe, Karl Josef"]
[Black "Petera, Georg"]
[Result "1/2-1/2"]
[WhiteElo "1353"]
[BlackElo "1414"]
[PlyCount "135"]
[EventDate "2006.08.25"]
[EventType "swiss"]
[EventRounds "7"]
[EventCountry "GER"]
[SourceTitle "EXT 2008"]
[Source "ChessBase"]
[SourceDate "2007.11.25"]
[SourceVersion "1"]
[SourceVersionDate "2007.11.25"]
[SourceQuality "1"]

1. e4 d5 2. exd5 Nf6 3. Nc3 c6 4. dxc6 Nxc6 5. Bb5 Qc7 6. Bxc6+ Qxc6 7. Qf3 Qc5 8. Qe3 e5 9. Qxc5 Bxc5 10. h3 Bd7 11. Nf3 0-0 12. 0-0 Rfe8 13. d3 h6 14. Ne4 Nxe4 15. dxe4 Rac8 16. c3 b6 17. b4 Bd6 18. Bb2 Bb8 19. a4 g5 20. Rfd1 Bc6 21. Nd2 f6 22. b5 Bd7 23. Nf1 Be6 24. Ne3 h5 25. g4 hxg4 26. hxg4 Kf7 27. Kg2 Rh8 28. Rh1 Bb3 29. Rxh8 Rxh8 30. Ra3 Be6 31. a5 Bd6 32. Ra1 Bc5 33. axb6 Bxb6 34. Kg3 Kg6 35. Nd5 Rh7 36. Nxb6 axb6 37. Ra4 Rc7 38. Ra6 Rb7 39. Bc1 Bc4 40. Be3 Bxb5 41. Rxb6 Rxb6 42. Bxb6 Be2 43. f3 Kf7 44. Kf2 Bc4 45. Ke3 Ke8 46. Bd4 Kd7 47. Bc5 Ke8 48. Bd6 Kd7 49. Bf8 Ke8 50. Bh6 Kf7 51. Kd2 Kg6 52. Bf8 Kf7 53. Bc5 Ke8 54. Be3 Kd7 55. Ke1 Kc6 56. Kf2 Kb5 57. Kg3 Kc6 58. f4 exf4+ 59. Bxf4 gxf4+ 60. Kxf4 Be6 61. g5 fxg5+ 62. Kxg5 Kd6 63. Kf4 Ke7 64. Ke5 Bc4 65. Kd4 Bf7 66. c4 Kd6 67. c5+ Kc6 68. e5 1/2-1/2

[Event "Bergisch Gladbach-ch 25th"]
[Site "Bergisch Gladbach"]
[Date "2003.09.12"]
[Round "3.16"]
[White "Grothe, Karl Josef"]
[Black "Bloemer, Guenter"]
[Result "1-0"]
[WhiteElo "1420"]
[BlackElo "1526"]
[PlyCount "157"]
[EventDate "2003.08.??"]
[EventType "swiss"]
[EventRounds "7"]
[EventCountry "GER"]
[SourceTitle "EXT 2005"]
[Source "ChessBase"]
[SourceDate "2004.11.15"]
[SourceVersion "1"]
[SourceVersionDate "2004.11.15"]
[SourceQuality "1"]

1. g3 d5 2. d4 Nf6 3. Bg2 e6 4. Nf3 c5 5. c3 Bd7 6. Nfd2 Bd6 7. e4 dxe4 8. Nxe4 Nxe4 9. Bxe4 Bc6 10. d5 exd5 11. Bxd5 0-0 12. Bxc6 Nxc6 13. Be3 Re8 14. 0-0 Qc7 15. Qf3 Ne5 16. Qg2 Nc4 17. Bc1 Re2 18. b3 Nb6 19. Be3 Nd7 20. Qf3 Rb2 21. Qd5 Re8 22. Bd2 Nf6 23. Qd3 Rd8 24. Qf5 Qd7 25. Qxd7 Rxd7 26. c4 Be5 27. Bc3 Bxc3 28. Nxc3 Rdd2 29. Rad1 g5 30. Rxd2 Rxd2 31. Rd1 Rc2 32. Nd5 Ng4 33. Rf1 Rxa2 34. h3 Ne5 35. Nf6+ Kg7 36. Ne4 h6 37. Nxc5 b6 38. Ne4 Rb2 39. c5 Rxb3 40. cxb6 axb6 41. Rd1 f5 42. Nd6 Rd3 43. Rxd3 Nxd3 44. Nxf5+ Kg6 45. Ne7+ Kf7 46. Nc8 Ke6 47. Nxb6 Kf5 48. Nc4 Ke4 49. Nd2+ Kd4 50. Kf1 Ke5 51. Ke2 Nc1+ 52. Ke3 Na2 53. Nc4+ Kf5 54. g4+ Ke6 55. f4 gxf4+ 56. Kxf4 Nc3 57. h4 Nd5+ 58. Kf3 Ne7 59. Ne3 Kf6 60. Ke4 Ng6 61. Nf5 Ke6 62. h5 Ne5 63. Nxh6 Kf6 64. Ng8+ Ke6 65. g5 Nf7 66. Kf4 Nd6 67. h6 Kf7 68. h7 Kg7 69. g6 Ne8 70. Ke5 Kh8 71. Ke6 Ng7+ 72. Kf7 Nf5 73. Ne7 Nh6+ 74. Kf6 Ng4+ 75. Kg5 Nf6 76. Nf5 Nxh7+ 77. Kh6 Nf6 78. g7+ Kg8 79. Kg6 1-0

[Event "Bergisch Gladbach-ch 24th"]
[Site "Bergisch Gladbach"]
[Date "2002.10.04"]
[Round "6"]
[White "Grothe, Karl Josef"]
[Black "Bosbach, Volker"]
[Result "0-1"]
[WhiteElo "1468"]
[BlackElo "1773"]
[PlyCount "108"]
[EventDate "2002.08.??"]
[EventType "swiss"]
[EventRounds "7"]
[EventCountry "GER"]
[SourceTitle "EXT 2005"]
[Source "ChessBase"]
[SourceDate "2004.11.15"]
[SourceVersion "1"]
[SourceVersionDate "2004.11.15"]
[SourceQuality "1"]

1. g3 d5 2. d4 e6 3. Bg2 Be7 4. Nf3 Nf6 5. 0-0 Nbd7 6. Re1 0-0 7. Nfd2 c5 8. c3 Qb6 9. e4 dxe4 10. Nxe4 cxd4 11. Qxd4 Qxd4 12. cxd4 Nd5 13. Nec3 Nb4 14. Re2 Bf6 15. Be3 Nb6 16. a3 N4d5 17. Nxd5 Nxd5 18. Bxd5 exd5 19. Nc3 Be6 20. Nb5 Rfc8 21. Rc1 Rxc1+ 22. Bxc1 a6 23. Nc7 Rc8 24. Bf4 Bg4 25. Re8+ Rxe8 26. Nxe8 Bxd4 27. Bc1 Bf3 28. Nd6 b6 29. b4 Kf8 30. Be3 Be5 31. Nc8 d4 32. Bf4 d3 33. Bd2 Bc7 34. a4 Bc6 35. a5 b5 36. f4 f5 37. Kf2 Kf7 38. Ke3 Be4 39. Bc3 g6 40. Be5 Bxe5 41. fxe5 Ke6 42. Nb6 g5 43. Kd2 h5 44. Ke3 f4+ 45. Kd2 fxg3 46. hxg3 h4 47. gxh4 gxh4 48. Ke3 h3 49. Kxe4 d2 50. Nd5 d1Q 51. Nf4+ Kd7 52. e6+ Kd6 53. Nd3 Qe2+ 54. Kd4 h2 0-1

[Event "Bergisch Gladbach-ch 24th"]
[Site "Bergisch Gladbach"]
[Date "2002.09.13"]
[Round "3"]
[White "Ommer, Hans"]
[Black "Grothe, Karl Josef"]
[Result "1-0"]
[WhiteElo "1364"]
[BlackElo "1468"]
[PlyCount "127"]
[EventDate "2002.08.??"]
[EventType "swiss"]
[EventRounds "7"]
[EventCountry "GER"]
[SourceTitle "EXT 2005"]
[Source "ChessBase"]
[SourceDate "2004.11.15"]
[SourceVersion "1"]
[SourceVersionDate "2004.11.15"]
[SourceQuality "1"]

1. e4 e5 2. f4 d6 3. Nf3 Bg4 4. fxe5 dxe5 5. Be2 Bxf3 6. Bxf3 Nc6 7. 0-0 Bc5+ 8. Kh1 h6 9. c3 Nf6 10. a4 a5 11. d3 0-0 12. Qe2 Ne7 13. Be3 Bxe3 14. Qxe3 b6 15. Nd2 Ng6 16. Nc4 Qe7 17. h3 Qc5 18. Qxc5 bxc5 19. g3 Ne8 20. h4 Nd6 21. Ne3 Ne7 22. Ng4 Nc6 23. Ne3 Ne7 24. h5 f6 25. Nf5 Ndxf5 26. exf5 Nxf5 27. Bd5+ Kh8 28. Rxf5 Rad8 29. Bc4 Kh7 30. Raf1 Rd6 31. R1f3 g6 32. hxg6+ Kxg6 33. g4 Rh8 34. Kg2 Rh7 35. Bb5 c6 36. Bc4 Ra7 37. Kf2 Rb7 38. b3 Rb8 39. Rh5 Rf8 40. Rfh3 Rh8 41. Ke3 Kg7 42. Ke4 Kg6 43. Rf3 Rf8 44. Rff5 Rh8 45. Rh1 Rhd8 46. Rhf1 Rf8 47. Rxe5 Rfd8 48. Rxc5 Re8+ 49. Kf4 Re5 50. d4 Rxc5 51. dxc5 Rd2 52. Rf3 Rd7 53. Bd3+ Kg7 54. Be4 Rc7 55. b4 axb4 56. cxb4 Rd7 57. Rd3 Rb7 58. Rd4 Rc7 59. Bf5 Re7 60. Rd7 Kf8 61. Rxe7 Kxe7 62. a5 Kd8 63. a6 Kc7 64. Be4 1-0

[Event "Bergisch Gladbach-ch op"]
[Site "Bergisch Gladbach"]
[Date "2001.08.17"]
[Round "1"]
[White "Fieberg, Christoph"]
[Black "Grothe, Karl Josef"]
[Result "1-0"]
[WhiteElo "1880"]
[BlackElo "1466"]
[PlyCount "117"]
[EventDate "2001.08.17"]
[EventType "swiss"]
[EventRounds "7"]
[EventCountry "GER"]
[SourceTitle "EXT 2006"]
[Source "ChessBase"]
[SourceDate "2005.11.24"]
[SourceVersion "1"]
[SourceVersionDate "2005.11.24"]
[SourceQuality "1"]

1. e4 e5 2. Nf3 Nc6 3. Bb5 Nge7 4. 0-0 a6 5. Ba4 b5 6. Bb3 d6 7. Ng5 d5 8. exd5 Nxd5 9. Nxf7 Kxf7 10. Qf3+ Ke6 11. Nc3 Nce7 12. Ne4 h6 13. d4 Nf5 14. Nc5+ Bxc5 15. dxc5 c6 16. Re1 Qf6 17. Bf4 Nd4 18. Qg3 Nxb3 19. Bxe5 Qf5 20. Bxg7+ Kf7 21. Bxh8 Qg6 22. Qxg6+ Kxg6 23. axb3 Bf5 24. c4 Nb4 25. Bc3 Nc2 26. Red1 b4 27. Be1 Nxa1 28. Rxa1 a5 29. Bxb4 Bc2 30. Rxa5 Rxa5 31. Bxa5 Bxb3 32. f3 Bxc4 33. Kf2 Kf5 34. Bc7 h5 35. Ke3 Bd5 36. b4 Bc4 37. g3 Bf1 38. Bf4 Bc4 39. h3 Bf1 40. g4+ hxg4 41. hxg4+ Ke6 42. Bd6 Bc4 43. Kf4 Kf6 44. Ke3 Bd5 45. f4 Bg2 46. Kf2 Bh3 47. Kg3 Bf1 48. f5 Be2 49. Kf4 Bc4 50. Bc7 Bf1 51. Bd8+ Kf7 52. Ke5 Be2 53. g5 Bc4 54. Kd6 Bb5 55. Kd7 Ba4 56. g6+ Kg7 57. Ke7 Bc2 58. f6+ Kxg6 59. f7 1-0

[Event "Bergisch Gladbach-ch 22nd"]
[Site "Bergisch Gladbach"]
[Date "2000.09.08"]
[Round "5"]
[White "Selbach, Johannes"]
[Black "Grothe, Karl Josef"]
[Result "1/2-1/2"]
[WhiteElo "1597"]
[BlackElo "1533"]
[PlyCount "122"]
[EventDate "2000.08.??"]
[EventType "swiss"]
[EventRounds "7"]
[EventCountry "GER"]
[SourceTitle "EXT 2005"]
[Source "ChessBase"]
[SourceDate "2004.11.15"]
[SourceVersion "1"]
[SourceVersionDate "2004.11.15"]
[SourceQuality "1"]

1. d4 d5 2. c4 e6 3. Nc3 Bb4 4. e3 Bxc3+ 5. bxc3 Nf6 6. Bd3 c6 7. Qc2 Nbd7 8. Nf3 h6 9. 0-0 Qc7 10. cxd5 cxd5 11. c4 b6 12. cxd5 Qxc2 13. Bxc2 exd5 14. Ba3 Ba6 15. Rfc1 Rc8 16. Bf5 g6 17. Bc2 Ne4 18. Ba4 b5 19. Bb3 Nc3 20. Kh1 f6 21. Bb4 Ne4 22. Kg1 Nb6 23. Nd2 Nxd2 24. Bxd2 Nc4 25. Bb4 Kd7 26. a4 Nb2 27. Bc2 f5 28. axb5 Bxb5 29. Rxa7+ Ke6 30. Bc5 Nc4 31. Rca1 Nd6 32. f3 Nc4 33. Kf2 Nd6 34. g3 Rc6 35. h3 h5 36. h4 Rg8 37. Rh7 Ra6 38. Ra7 Rxa1 39. Rxa1 Rc8 40. Ra7 Bd7 41. Ba4 Bxa4 42. Rxa4 Rc6 43. Ra7 Nc8 44. Ra2 Kf6 45. Ke2 g5 46. hxg5+ Kxg5 47. Kf2 h4 48. Kg2 hxg3 49. Kxg3 Rg6 50. Rh2 Kf6+ 51. Kf2 Ke6 52. Rh7 Nd6 53. Rc7 Nc4 54. Re7+ Kf6 55. e4 fxe4 56. fxe4 dxe4 57. Rxe4 Kf5 58. Re8 Re6 59. Rxe6 Kxe6 60. Ke2 Kd5 61. Kd3 Na5 1/2-1/2

[Event "Bergisch Gladbach-ch 22nd"]
[Site "Bergisch Gladbach"]
[Date "2000.08.25"]
[Round "3"]
[White "Grothe, Karl Josef"]
[Black "Kremer, Thomas"]
[Result "1/2-1/2"]
[WhiteElo "1533"]
[BlackElo "1815"]
[PlyCount "87"]
[EventDate "2000.08.??"]
[EventType "swiss"]
[EventRounds "7"]
[EventCountry "GER"]
[SourceTitle "EXT 2005"]
[Source "ChessBase"]
[SourceDate "2004.11.15"]
[SourceVersion "1"]
[SourceVersionDate "2004.11.15"]
[SourceQuality "1"]

1. g3 d5 2. d4 e6 3. Bg2 f5 4. Nf3 Nf6 5. Bg5 Be7 6. Bxf6 Bxf6 7. c3 0-0 8. 0-0 c6 9. Nbd2 Bd7 10. Nb3 Be8 11. Nc5 Qe7 12. Nd3 Nd7 13. Qb3 Rb8 14. Qb4 Qxb4 15. Nxb4 Bh5 16. Nd3 Rbe8 17. Nf4 Bxf3 18. Bxf3 e5 19. dxe5 Nxe5 20. Nd3 Nxf3+ 21. exf3 b6 22. Rfe1 d4 23. c4 a5 24. Rxe8 Rxe8 25. Re1 Rxe1+ 26. Nxe1 Kf7 27. Nd3 g5 28. b3 Ke6 29. h3 h5 30. g4 h4 31. a4 f4 32. Kf1 Kd6 33. Ke1 b5 34. Kd2 Be7 35. Kc2 Bd8 36. Kb2 Bb6 37. Kc2 Bc5 38. Kb2 Bb4 39. Kc2 Bc3 40. Kd1 bxa4 41. bxa4 Bb4 42. Kc2 Bc5 43. Kb3 Bb4 44. Kc2 1/2-1/2